The art of living : (Record no. 30349)
[ view plain ]
| 000 -LEADER | |
|---|---|
| fixed length control field | 01775nam a2200337 i 4500 |
| 001 - CONTROL NUMBER | |
| control field | 12621483 |
| 003 - CONTROL NUMBER IDENTIFIER | |
| control field | EG-ScBUE |
| 005 - DATE AND TIME OF LATEST TRANSACTION | |
| control field | 20230514093546.0 |
| 008 - FIXED-LENGTH DATA ELEMENTS--GENERAL INFORMATION | |
| fixed length control field | 150702s2015 enk f b 001 0 eng d |
| 020 ## - INTERNATIONAL STANDARD BOOK NUMBER | |
| International Standard Book Number | 9781137322203 |
| 035 ## - SYSTEM CONTROL NUMBER | |
| System control number | (OCoLC)ocn930690576 |
| 035 ## - SYSTEM CONTROL NUMBER | |
| System control number | (DLC) 2015020091 |
| 035 ## - SYSTEM CONTROL NUMBER | |
| System control number | 12621483 |
| 040 ## - CATALOGING SOURCE | |
| Original cataloging agency | DLC |
| Description conventions | rda |
| Language of cataloging | eng |
| Transcribing agency | DLC |
| Modifying agency | YDX |
| -- | BDX |
| -- | YDXCP |
| -- | OCLCO |
| -- | OCLCF |
| -- | NLE |
| -- | NYP |
| -- | EYM |
| -- | EG-ScBUE |
| 082 04 - DEWEY DECIMAL CLASSIFICATION NUMBER | |
| Edition number | 22 |
| Classification number | 709.040755 |
| Item number | JOH |
| 100 1# - MAIN ENTRY--PERSONAL NAME | |
| Personal name | Johnson, Dominic, |
| Dates associated with a name | 1980- |
| Relator term | author. |
| 245 14 - TITLE STATEMENT | |
| Title | The art of living : |
| Remainder of title | an oral history of performance art / |
| Statement of responsibility, etc | Dominic Johnson. |
| 264 #1 - PUBLICATION, DISTRIBUTION, ETC. (IMPRINT) | |
| Place of publication, distribution, etc | London ; |
| -- | New York : |
| Name of publisher, distributor, etc | Palgrave Macmillan, |
| Date of publication, distribution, etc | 2015. |
| 300 ## - PHYSICAL DESCRIPTION | |
| Extent | xiv, 303 pages ; |
| Dimensions | 23 cm |
| 336 ## - CONTENT TYPE | |
| Content type term | text |
| Source | rdacontent |
| Content type code | txt |
| 337 ## - MEDIA TYPE | |
| Media type term | unmediated |
| Source | rdamedia |
| Media type code | n |
| 338 ## - CARRIER TYPE | |
| Carrier type term | volume |
| Source | rdacarrier |
| Carrier type code | nc |
| 504 ## - BIBLIOGRAPHY, ETC. NOTE | |
| Bibliography, etc | Includes bibliographical references and index. |
| 505 0# - FORMATTED CONTENTS NOTE | |
| Formatted contents note | Introduction -- 1. The Escape Artist: An Interview with Ulay -- 2. Hiding in Plain Sight: An Interview with Anne Bean -- 3. Boxing Clever: An Interview with Kipper Kids -- 4. Positive Surrender: An Interview with BREYER P-ORRIDGE -- 5. Slave to Love: An Interview with Sheree Rose -- 6. The Designated Mourner: An Interview with Penny Arcade -- 7. Capricorn on Fire: An Interview with Ann Magnuson -- 8. The Accidental Goddess: An Interview with Joey Arias -- 9. Perverse Martyrologies: An Interview with Ron Athey -- 10. The Skin of the Theatre: An Interview with Julia Bardsley -- 11. You Made Me Love You: An Interview with David Hoyle -- 12: Held: An Interview with Adrian Howells -- Epilogue. |
| 650 #7 - SUBJECT ADDED ENTRY--TOPICAL TERM | |
| Topical term or geographic name as entry element | Performance art. |
| Source of heading or term | BUEsh |
| 650 #7 - SUBJECT ADDED ENTRY--TOPICAL TERM | |
| Topical term or geographic name as entry element | Performance artists |
| Form subdivision | Interviews. |
| Source of heading or term | BUEsh |
| 653 ## - INDEX TERM--UNCONTROLLED | |
| Resource For college | Arts and Design |
| Arrived date list | May2023 |
| 655 ## - INDEX TERM--GENRE/FORM | |
| Form subdivision | Reading book |
| 942 ## - ADDED ENTRY ELEMENTS (KOHA) | |
| Source of classification or shelving scheme | Dewey Decimal Classification |
| Koha item type | Book - Borrowing |
| 987 ## - LOCAL ROMANIZATION/CONVERSION HISTORY (OCLC) | |
| Date of conversion or review | ON ORDER |
| Withdrawn status | Lost status | Source of classification or shelving scheme | Damaged status | Not for loan | Collection code | Home library | Current library | Shelving location | Date acquired | Source of acquisition | Cost, normal purchase price | Serial Enumeration / chronology | Total Checkouts | Full call number | Barcode | Date last seen | Cost, replacement price | Price effective from | Koha item type |
|---|---|---|---|---|---|---|---|---|---|---|---|---|---|---|---|---|---|---|---|
| Dewey Decimal Classification | Baccah | Central Library | Central Library | Second Floor | 14/05/2023 | Purchase | 876.00 | 37380 | 709.040755 JOH | 000056623 | 13/11/2025 | 1095.00 | 14/05/2023 | Book - Borrowing |